| 000 -ლიდერი |
| ფიქსირებული სიგრძის საკონტროლო ველი |
01668nam a22002537a 4500 |
| 003 - საკონტროლო ნომრის იდენტიფიკატორი |
| საკონტროლო ველი |
Ge_BSU |
| 005 - ბოლო ოპერაციის თარიღი და დრო |
| საკონტროლო ველი |
20240711161711.0 |
| 008 - ფიქსირებული სიგრძის მონაცემთა ელემენტები - ზოგადი ინფორმაცია |
| ფიქსირებული სიგრძის საკონტროლო ველი |
240711s2023 ge ||||| |||| 00| 0 geo d |
| 041 ## - ენის კოდი |
| Language code of text/sound track or separate title |
geo |
| 080 ## - უნივერსალური ათობითი კლასიფიკაციის ინდექსი |
| Universal Decimal Classification number |
615.2 დ-22 |
| 100 ## - მთავარი ჩანაწერი - პიროვნების სახელი |
| Personal name |
დარნობიდი, ჯესიკა ა. |
| 9 (RLIN) |
22808 |
| 110 ## - მთავარი ჩანაწერი - კორპორაციული (კოლექტიური) სახელი |
| Relator term |
ავტორი. |
| 9 (RLIN) |
22811 |
| 245 ## - ცნობა სათაურის შესახებ |
| Title |
კლინიკური კორელაციები / |
| Statement of responsibility, etc |
ჯესიკა ა. დარნობიდი ; თარგმანის ავტორები: გიგი გორგაძე, ანა ახვლედიანი, ბორის ბენდელიანი ; თარგმანის რედაქტორი ლუიზა გაბუნია ; დიზაინერი და დამკაბადონებელი ზაზა გელაშვილი. |
| 250 ## - გამოცემის ცნობა |
| Edition statement |
მე-3 გამოცემა. |
| 264 ## - წარმოების, გამოცემის, დისტრიბუციის და სხვა ცნობები |
| გამოცემის, წარმოების, დისტრიბუციის... ადგილი |
თბილისი, |
| გამოცემის, წარმოების, დისტრიბუციის... თარიღი |
2023. |
| 300 ## - ფიზიკური აღწერა |
| Extent |
124 გვ. ; |
| Other physical details |
20,5 სმ. |
| 500 ## - ზოგადი შენიშვნა |
| General note |
თავფურცელზე აგრეთვე: ფარმაკოლოგია: საერთაშორისო მიდგომები ფარმაკოლოგიაში. |
| 501 ## - შენიშვნა თანმხლებ მასალაზე |
| With note |
იბეჭდება MCGrawHill Education-ის ნებართვით. |
| 653 ## - INDEX TERM--UNCONTROLLED |
| Uncontrolled term |
ფარმაკოლოგია. |
| 653 ## - INDEX TERM--UNCONTROLLED |
| Uncontrolled term |
მედიცინა |
| 700 ## - ADDED ENTRY--PERSONAL NAME |
| Personal name |
გორგაძე, გიგი |
| Relator term |
თარგმნის ვატორი |
| 9 (RLIN) |
22812 |
| 700 ## - ADDED ENTRY--PERSONAL NAME |
| Personal name |
ახვლედიანი, ანა |
| Relator term |
თარგმნის და სხვ |
| 9 (RLIN) |
22813 |
| 942 ## - ADDED ENTRY ELEMENTS (KOHA) |
| Source of classification or shelving scheme |
|
| Koha item type |
წიგნი |